|
|
|
|
| LEADER |
01170nam a2200301 a 4500 |
| 001 |
15546 |
| 003 |
BD-DhAAL |
| 008 |
090719s1997 bg 000 0 eng d |
| 010 |
|
|
|a 98908957
|
| 020 |
|
|
|a 9845551683 (v. 1)
|
| 040 |
|
|
|a DLC
|c DLC
|d BD-DhAAL
|
| 082 |
|
|
|a 891.4416
|2 21
|
| 100 |
0 |
|
|a Nazrul Islam,
|c Kazi,
|d 1899-1976.
|
| 240 |
1 |
0 |
|a Works.
|l English & Bengali.
|f 1997
|
| 245 |
1 |
0 |
|a Poetry of Kazi Nazrul Islam in English translation.
|n Volume 1 /
|c edited by Mohammad Nurul Huda.
|
| 260 |
|
|
|a Dhaka :
|b Nazrul Institute,
|c 1997
|g (2000 printing).
|
| 300 |
|
|
|a 752 pages ;
|c 22 cm
|
| 362 |
0 |
|
|a Vol. 1
|
| 520 |
|
|
|a Complete works by a 20th century Bengali poet.
|
| 541 |
1 |
|
|e 15546
|
| 546 |
|
|
|a English and Bengali.
|
| 600 |
0 |
0 |
|a Nazrul Islam,
|c Kazi,
|d 1899-1976
|x Translations into English.
|9 57105
|
| 700 |
1 |
|
|a Huda, Muhammad Nurul.
|9 57106
|
| 710 |
2 |
|
|a Nazrul Institute (Dhaka, Bangladesh)
|9 57107
|
| 852 |
4 |
|
|a Ayesha Abed Library
|c General Stacks
|
| 942 |
|
|
|2 ddc
|c BK
|
| 999 |
|
|
|c 2523
|d 2523
|
| 952 |
|
|
|0 0
|1 0
|2 ddc
|4 0
|6 891_441600000000000_NAZ
|7 0
|9 2419
|a BRACUL
|b BRACUL
|c GEN
|d 2009-07-22
|g 300.00
|l 1
|o 891.4416 NAZ
|p 3010015546
|r 2025-11-04
|s 2025-10-28
|t 1
|w 2009-07-22
|y BK
|